Flotation : A. M. Gaudin Memorial Volume 1 / (Record no. 27039)
[ view plain ]
| 000 -LEADER | |
|---|---|
| fixed length control field | 01210nam a22002777a 4500 |
| 001 - CONTROL NUMBER | |
| control field | 0000000826 |
| 003 - CONTROL NUMBER IDENTIFIER | |
| control field | PPM |
| 005 - DATE AND TIME OF LATEST TRANSACTION | |
| control field | 20251208101318.0 |
| 008 - FIXED-LENGTH DATA ELEMENTS--GENERAL INFORMATION | |
| fixed length control field | 251208b ||||| |||| 00| 0 eng d |
| 020 ## - INTERNATIONAL STANDARD BOOK NUMBER | |
| Terms of availability | RM 92.75 |
| Qualifying information | Hardback |
| 035 ## - SYSTEM CONTROL NUMBER | |
| System control number | 0000000826 |
| 040 ## - CATALOGING SOURCE | |
| Original cataloging agency | PPM |
| Language of cataloging | Eng |
| Transcribing agency | Pusat Penyelidikan Mineral, Jabatan Mineral Dan Geosains Malaysia |
| Modifying agency | PPM |
| Description conventions | rda |
| 082 00 - DEWEY DECIMAL CLASSIFICATION NUMBER | |
| Edition number | 19 |
| Classification number | 622.752 |
| Item number | FLO 1976 |
| 111 0# - MAIN ENTRY--MEETING NAME | |
| Meeting name or jurisdiction name as entry element | Gaudin (A. M.) Memorial Flotation Symposium, 1976. |
| Location of meeting | Rapid City, S.D., |
| 245 14 - TITLE STATEMENT | |
| Title | Flotation : A. M. Gaudin Memorial Volume 1 / |
| Statement of responsibility, etc. | edited by M. C. Fuerstenau |
| 260 #1 - PUBLICATION, DISTRIBUTION, ETC. | |
| Place of publication, distribution, etc. | New York : |
| Name of publisher, distributor, etc. | American Institute of Mining, Metallurgical, and Petroleum Engineers, |
| Date of publication, distribution, etc. | 1976 |
| 300 00 - PHYSICAL DESCRIPTION | |
| Extent | xv, 621 pages .: |
| Other physical details | graph, illustrations .; |
| Dimensions | 23 cm |
| 500 ## - GENERAL NOTE | |
| General note | "This volume was originated by the Mineral Processing Division of the Society of Mining Engineers of AIME." |
| 504 ## - BIBLIOGRAPHY, ETC. NOTE | |
| Bibliography, etc. note | Includes bibliographical references and indexes |
| 600 10 - SUBJECT ADDED ENTRY--PERSONAL NAME | |
| Source of heading or term | Gaudin, Antoine Marc, |
| Dates associated with a name | 1900-1974. |
| 650 10 - SUBJECT ADDED ENTRY--TOPICAL TERM | |
| Topical term or geographic name entry element | Flotation |
| General subdivision | Congresses |
| 700 1# - ADDED ENTRY--PERSONAL NAME | |
| Personal name | Gaudin, Antoine Marc, |
| Dates associated with a name | 1900-1974. |
| 700 1# - ADDED ENTRY--PERSONAL NAME | |
| Personal name | Fuerstenau, Maurice C. |
| Relator term | editor |
| 710 2# - ADDED ENTRY--CORPORATE NAME | |
| Corporate name or jurisdiction name as entry element | Society of Mining Engineers of AIME. |
| Subordinate unit | Mineral Processing Division. |
| 942 ## - ADDED ENTRY ELEMENTS (KOHA) | |
| Source of classification or shelving scheme | |
| Koha item type | Books |
| Withdrawn status | Lost status | Source of classification or shelving scheme | Damaged status | Not for loan | Collection code | Permanent Location | Current Location | Shelving location | Date acquired | Cost, normal purchase price | Total Checkouts | Full call number | Date last seen | Price effective from | Koha item type |
|---|---|---|---|---|---|---|---|---|---|---|---|---|---|---|---|
| Available | Open Shelf | PPM | PPM | Open Shelf | 08/12/2025 | 90.75 | 662.752 FLO 1976 | 08/12/2025 | 08/12/2025 | Books |